000 00588nam a2200205Ia 4500
999 _c52369
_d52369
003 GCL
005 20240530105007.0
008 140319s9999 xx 000 0 ara d
040 _aGCL /
_cGCL
082 0 4 _a200
_bم ت
100 1 _aموريس بوكاى
245 1 0 _aالتوراة والانجيل والقرأن والعلم /
_cموريس بوكاى
260 _a[S.N] :
_bدار الكندى ،
_c1978
300 _a217 ص
650 0 4 _aالانجيل
650 0 4 _aالديانات
650 0 4 _aالتوراة
650 0 4 _aالقران والعلم
942 _2ddc
_cBK